=LDR 00000nam 2200000 4500 =001 INLIS000000000041412 =005 20130612150941 =008 ***********************************ind** =035 ##$$a0010-061300000041412 =041 ##$$a ind =082 ##$$a 618.2 =090 ##$$a 618.2, Kon h =245 ##$$a Konsep kebidanan, Durana Estiwidani...[et al]; editor, Ircham Mahfoedz =260 ##$$a 2009 $b Yogyakarta =300 ##$$a vi, 208 hlm, ilus, 21 cm =650 ##$$a Ilmu Kebidanan =700 ##$$a Estiwidani, Durana =850 ##$$a NNT-CD =990 ##$$a 21195573/BPAP-NTB/2014